000 00503cam a22002054a 4500
005 20250605164254.0
008 250528s ||||||||||||||||||||||||d
035 _a21863
020 _a9780321415066
040 _aGR-AtMCL
_bgre
_dGR-AtMCL
_eAACR2
245 1 _aFUNDAMENTALS OF DATABASE SYSTEMS
250 _a5
260 _bAddison-Wesley,
_c2007
300 _a1123
700 1 _aElmasri Ramez
_94527
700 1 _aNavathe Shamkant B
_94528
942 _cBK
999 _c6921
_d6921